00649nam a2200169 a 450000100100000000500170001000800410002704000250006808200130009324500600010626001070016630000320027350400310030504900090033695201170034599900170046200002311420200930022009.0101126s1998 cl a 001 0 spa d aDO-SdBNPbspacBNPHU ann*bnn*03aEl pacto fiscal :bfortalezas, debilidades, desafíos. aSantiado de Chile :bNaciones Unidas. Comisión Económica para América Latina y el Caribe,c1998. axi, 283 p. :bil. ;c23 cm. aBibliografía: 269-283 p. aBNGR 001054708MOaGRbGRcCTd2010-11-26iLF1l0onn* nn*p23114-10r2020-06-25w2020-06-25y4ZPréstamo en sala c22611d22611